Detalles MARC
| 000 -LIDER |
| fixed length control field |
01184nam a22003137a 4500 |
| 003 - IDENTIFICACDOR DE NÚMERO DE CONTROL |
| control field |
DO-SdBNP |
| 005 - DATE AND TIME OF LATEST TRANSACTION |
| control field |
20240628104234.0 |
| 008 - ELEMENTOS DE LONGITUD FIJA |
| fixed length control field |
161031b 1995 ch a 00| 0 spa d |
| 020 ## - ISBN |
| International Standard Book Number |
8421638335 |
| 040 ## - FUENTE DE CATALOGACIÓN |
| Agencia que crea de manera original el registro |
BPMSU |
| Idioma de catalogación |
spa |
| Agencia que realiza la transcripción |
BPMSU |
| 082 #4 - NÚMERO DE CLASIFICACIÓN DECIMAL DE DEWEY |
| Classification number |
305.23 |
| Item number |
N717c 1995 |
| Edition number |
22 |
| 245 00 - MENCIÓN DE TITULO |
| Título |
Niños como yo : |
| Subtítulo |
celebraciones / |
| Mención de responsabilidad |
Colaboradores Barnabas y Anabel Kindersley ; prólogo Joaquín Ruisz Giménez; Diorki traducción |
| 246 14 - VARIACION DEL TÍTULO |
| Título propiamente dicho o título corto |
Niños como yo : |
| Subtítulo |
Celebraciones, festivales, carnavales y fiestas en todo el mundo |
| 260 ## - PUBLICACIÓN, DISTRIBUCIÓN, ETC. (PIE DE IMPRENTA) |
| Lugar de publicación, distribución, etc |
China : |
| Nombre del editor, distribuidor, etc. |
Bruño, UNICEF, |
| Fecha de publicación, distribución, etc |
1995 |
| Nombre del editor, distribuidor, etc. |
|
| 300 ## - DESCRIPCIÓN FÍSICA |
| Extensión |
63 p. : |
| Otros detalles físicos |
il. ; |
| Dimensiones |
18 cm. |
| 500 ## - NOTA GENERAL |
| Materiales especificados |
Incluye índice |
| 590 ## - NOTA LOCAL |
| Texto de la nota local |
Inventariado, 2024/VM |
| 650 #4 - ENCABEZAMIENTO DE MATERIA--TEMÁTICO |
| Término temático o nombre geográfico como elemento de entrada |
Niños |
| Subdivisión temática general |
Vida social y costumbres |
| 650 #4 - ENCABEZAMIENTO DE MATERIA--TEMÁTICO |
| Término temático o nombre geográfico como elemento de entrada |
Aniversarios |
| Subdivisión temática general |
Aspectos sociales. |
| 650 #4 - ENCABEZAMIENTO DE MATERIA--TEMÁTICO |
| Término temático o nombre geográfico como elemento de entrada |
Festivales |
| Subdivisión temática general |
Apectos sociales. |
| 650 #4 - ENCABEZAMIENTO DE MATERIA--TEMÁTICO |
| Término temático o nombre geográfico como elemento de entrada |
Manifestaciones culturales. |
| 650 #4 - ENCABEZAMIENTO DE MATERIA--TEMÁTICO |
| Término temático o nombre geográfico como elemento de entrada |
Literatura juvenil |
| 700 1# - ASIENTO SECUNDARIO -- NOMBRE PERSONAL |
| Nombre personal |
Kindersley, Anabel. |
| Mención de responsabilidad |
fotografía |
| 700 1# - ASIENTO SECUNDARIO -- NOMBRE PERSONAL |
| Nombre personal |
Diorki |
| Mención de responsabilidad |
traducción |
| 700 1# - ASIENTO SECUNDARIO -- NOMBRE PERSONAL |
| Nombre personal |
Ruisz Giménez, Joaquín |
| Mención de responsabilidad |
príologo |
| Materiales especificados |
|
| 710 2# - ASIENTO SECUNDARIO -- NOMBRE CORPORATIVO |
| Nombre corporativo o de jurisdicción |
Fondo de las Naciones Unidas para la Infancia. |
| Materiales especificados |
|
| 910 ## - VALIDACIÓN |
| Validación |
VMateo V. Control de calidad. BPMSU |
| 942 ## - ADDED ENTRY ELEMENTS (KOHA) |
| Source of classification or shelving scheme |
Dewey Decimal Classification |
| Koha item type |
Libros |